| 000 | 00719cam a2200229 a 4500 | ||
|---|---|---|---|
| 001 | 000009090 | ||
| 005 | 20200929161502.0 | ||
| 008 | 941014s1993 ck 000 f spa d | ||
| 020 | _a9586121410 (Colcultura) | ||
| 020 | _a9589012922 (Áncora Editores) | ||
| 040 |
_aDO-SdBNP _cDLC |
||
| 082 |
_aC863.44 _bC112cr |
||
| 100 | 1 |
_aCaballero Calderón, Eduardo, _d1910-1993 _93748 |
|
| 245 | 1 | 3 |
_aEl Cristo de espaldas / _cEduardo Caballero Calderón. |
| 260 |
_aBogotá, Colombia : _bColcultura : _bÁncora, _cc1993. |
||
| 300 |
_a194 p. ; _c22 cm. |
||
| 650 | 4 |
_aNovela colombiana _91243 |
|
| 650 | 4 |
_aLiteratura colombiana _ySIGLO XX _914409 |
|
| 910 | _aCatalogación por copia / LC | ||
| 910 | _aWM | ||
| 049 | _aBNGR | ||
| 999 |
_c8854 _d8854 |
||